书目信息 |
| 题名: |
中国档案事业简史
|
|
| 作者: | 邹家炜 , 董俭 , 周雪恒 编著 | |
| 分册: | ||
| 出版信息: | 北京 中国人民大学出版社 1985 |
|
| 页数: | 278页 | |
| 开本: | 19cm | |
| 丛书名: | ||
| 单 册: | ||
| 中图分类: | G279.29 | |
| 科图分类: | ||
| 主题词: | 档案工作--文化史--中国 | |
| 电子资源: | ||
| ISBN: | ||
| 000 | 00745nam0 2200265 45 | |
| 001 | 0185003159 | |
| 005 | 20040506081442.2 | |
| 010 | @dCNY1.65 | |
| 091 | @a7211.97 | |
| 100 | @a19900816d1985 emky0chiy0121 ea | |
| 101 | 0 | @achi |
| 102 | @aCN@b110000 | |
| 105 | @af z 000yy | |
| 106 | @ar | |
| 200 | 10 | @a中国档案事业简史@Azhong guo dang an shi ye jian shi@f邹家炜等编著 |
| 210 | @a北京@c中国人民大学出版社@d1985 | |
| 215 | @a278页@c照片@d19cm | |
| 606 | @a档案工作@x文化史@y中国 | |
| 690 | @aG279.29@v3 | |
| 701 | 0 | @a邹家炜@Azou jia wei@4编著 |
| 701 | 0 | @a董俭@Adong jian@4编著 |
| 701 | 0 | @a周雪恒@Azhou xue heng@4编著 |
| 801 | 0 | @aCN@b深圳图书馆@c20040506 |
| 801 | 2 | @aCN@bNLC@c20040506 |
| 905 | @f2@b147266-267@dG279.29@e13 | |
| 中国档案事业简史/邹家炜等编著.-北京:中国人民大学出版社,1985 |
| 278页:照片;19cm |
| ISBN :CNY1.65 |
| ● |
| 相关链接 |
|
|
|
|
正题名:中国档案事业简史
索取号:G279.29/13
 
预约/预借
| 序号 | 登录号 | 条形码 | 馆藏地/架位号 | 状态 | 备注 |
| 1 | 0147266 | 000989470 | 密集书库/ [索取号:G279.29/13] | 在馆 | |
| 2 | 0147267 | 000989489 | 第四借阅区/ [索取号:G279.29/13] | 在馆 | |
| 3 | 0147268 | 000989416 | 第一样本阅览室/ [索取号:G279.29/13] | 在馆 |